[Event "Gausdal Troll Masters"]
[Site "Gausdal, Norway"]
[Date "2003.01.14"]
[Round "9"]
[White "Bryn, Steinar"]
[Black "Bue, Gunnar"]
[Result "1/2-1/2"]
[WhiteElo "1561"]
[BlackElo "1991"]
[PlyCount "152"]
[EventDate "2003.01.??"]
[Source "EeEk"]
[SourceDate "2003.01.08"]

1. e4 c5 2. Nf3 e6 3. Nc3 a6 4. d4 cxd4 5. Nxd4 Nc6 6. a3 Nge7 7. Bc4 Nxd4 8.
Qxd4 Nc6 9. Qe3 b5 10. Bd3 d6 11. O-O Be7 12. f4 O-O 13. e5 d5 14. Qh3 g6 15.
Qh6 f5 16. Ne2 Rf7 17. c3 d4 18. Qh3 dxc3 19. Nxc3 Bc5+ 20. Be3 Qb6 21. Bxc5
Qxc5+ 22. Kh1 Bb7 23. Rac1 Qa7 24. Ne2 Rd7 25. Rfd1 Rad8 26. Qg3 Nd4 27. h4 Nb3
28. Rc3 Nd4 29. Rcc1 Nb3 30. Rc3 Bd5 31. Kh2 Na5 32. h5 Rg7 33. h6 Rf7 34. Qh4
Qe7 35. Qxe7 Rxe7 36. Rdc1 Bc4 37. Bxc4 bxc4 38. b4 cxb3 39. Rc8 Ree8 40. R8c5
b2 41. Rb1 Nb3 42. Rc2 Nd4 43. Rcxb2 Nxe2 44. Rxe2 Rd3 45. Rb7 Red8 46. Rc2
R3d7 47. Rb6 Kf7 48. Rcc6 Re7 49. Rxa6 Rde8 50. a4 g5 51. fxg5 Kg6 52. a5 Kxg5
53. Rab6 Kf4 54. a6 Kxe5 55. Rb7 Kf6 56. Rcc7 Rxc7 57. Rxc7 Kg6 58. a7 Ra8 59.
Kg3 e5 60. Rc6+ Kg5 61. Ra6 e4 62. Kf2 Kg4 63. g3 Kg5 64. Ke3 Kg4 65. Kf2 Kg5
66. Kg1 Kh5 67. Kh2 Kg4 68. Kg2 Kg5 69. Kf2 Kg4 70. Ra5 Kh3 71. Rxf5 Rxa7 72.
Ke3 Re7 73. Rf1 Kxg3 74. Rg1+ Kh4 75. Rg7 Re6 76. Rxh7 Kg5 1/2-1/2

[Event "Gausdal Troll Masters"]
[Site "Gausdal, Norway"]
[Date "2003.01.14"]
[Round "9"]
[White "Korhonen, Pasi"]
[Black "Larsen, Tor Kristian"]
[Result "1/2-1/2"]
[WhiteElo "2115"]
[BlackElo "1747"]
[PlyCount "111"]
[EventDate "2003.01.??"]
[Source "EeEk"]
[SourceDate "2003.01.08"]

1. e4 c6 2. d4 d5 3. Nc3 dxe4 4. Nxe4 Nd7 5. Ng5 Ngf6 6. Bc4 e6 7. Qe2 Nb6 8.
Bb3 h6 9. N5f3 a5 10. c3 a4 11. Bc2 a3 12. b3 Bd6 13. Bd2 O-O 14. Ne5 c5 15.
dxc5 Bxc5 16. Ngf3 Qc7 17. O-O Nbd5 18. Nd3 Bd6 19. c4 Nf4 20. Nxf4 Bxf4 21.
Bc3 Qe7 22. Ne5 b6 23. Rfd1 Bb7 24. Rd4 Bxe5 25. Qxe5 Rfd8 26. Rad1 Rxd4 27.
Rxd4 Qc5 28. Qe3 e5 29. Rd1 Qc6 30. Qh3 Re8 31. Re1 Nh5 32. Qf3 Qxf3 33. gxf3
Nf4 34. Rxe5 Rxe5 35. Bxe5 Ne2+ 36. Kg2 f6 37. Bd6 Nd4 38. Bd1 b5 39. Bxa3 bxc4
40. bxc4 Ba6 41. Bb3 Bb7 42. Bd6 Bxf3+ 43. Kf1 Nxb3 44. axb3 Bd1 45. b4 Bb3 46.
c5 Ba4 47. Ke2 Kf7 48. Kd3 Bb5+ 49. Kd4 Ke6 50. Bf8 Kf7 51. Bd6 Ke6 52. h4 h5
53. Bf4 Kd7 54. Kd5 Ba4 55. Be3 Bb5 56. Bf4 1/2-1/2

[Event "Gausdal Troll Masters"]
[Site "Gausdal, Norway"]
[Date "2003.01.14"]
[Round "9"]
[White "Nilsen, Terje"]
[Black "Pedersen, Øyvind"]
[Result "1-0"]
[WhiteElo "1794"]
[BlackElo "2054"]
[PlyCount "77"]
[EventDate "2003.01.??"]
[Source "EeEk"]
[SourceDate "2003.01.08"]

1. e4 c5 2. Nf3 d6 3. Bb5+ Bd7 4. Bxd7+ Qxd7 5. O-O Nf6 6. Re1 Nc6 7. c3 g6 8.
d4 cxd4 9. cxd4 Bg7 10. Nc3 O-O 11. h3 e5 12. Be3 Ne8 13. dxe5 Nxe5 14. Nxe5
Bxe5 15. Bh6 Bg7 16. Bxg7 Kxg7 17. Qd4+ f6 18. Rad1 Qe6 19. f4 Rf7 20. Qa4 a6
21. Nd5 Rc8 22. Qd4 Rc6 23. b3 Nc7 24. a4 Ne8 25. Re2 Qc8 26. Qb2 Qe6 27. Rde1
Rf8 28. Qd4 Rc8 29. e5 dxe5 30. Rxe5 Qc6 31. Re7+ Rf7 32. Rxf7+ Kxf7 33. Re7+
Kf8 34. Qe4 Ng7 35. Kh2 Rd8 36. Rxg7 Re8 37. Re7 Rxe7 38. Qxe7+ Kg8 39. Nxf6+
1-0

[Event "Gausdal Troll Masters"]
[Site "Gausdal, Norway"]
[Date "2003.01.14"]
[Round "9"]
[White "Lahlum, Ida"]
[Black "Johansen, Kai-Roger"]
[Result "1-0"]
[WhiteElo "1438"]
[BlackElo "2084"]
[PlyCount "51"]
[EventDate "2003.01.??"]
[Source "EeEk"]
[SourceDate "2003.01.08"]

1. d4 d5 2. c4 c6 3. Nc3 Nf6 4. Nf3 Nbd7 5. Bg5 e6 6. e3 Qa5 7. Nd2 dxc4 8.
Bxf6 Nxf6 9. Nxc4 Qc7 10. Rc1 a6 11. Be2 Be7 12. O-O O-O 13. Bf3 b5 14. Nd2 Bb7
15. Nce4 Rac8 16. Nc5 Bxc5 17. Rxc5 Qb6 18. Ne4 Nd7 19. Rc2 c5 20. Nxc5 Nxc5
21. dxc5 Bxf3 22. cxb6 Bxd1 23. Rxc8 Rxc8 24. Rxd1 Kf8 25. b7 Kg8 26. bxc8=Q#
1-0

[Event "Gausdal Troll Masters"]
[Site "Gausdal, Norway"]
[Date "2003.01.14"]
[Round "9"]
[White "Bryn, Askild"]
[Black "Saulnier, Jean"]
[Result "1/2-1/2"]
[WhiteElo "1616"]
[BlackElo "1880"]
[PlyCount "39"]
[EventDate "2003.01.??"]
[Source "EeEk"]
[SourceDate "2003.01.08"]

1. c4 e5 2. Nc3 Nc6 3. g3 g6 4. Bg2 Bg7 5. d3 d6 6. e4 Nge7 7. Nge2 O-O 8. O-O
f5 9. f4 fxe4 10. Nxe4 Nf5 11. Ng5 Qe7 12. fxe5 Bxe5 13. Re1 Nfd4 14. Nxd4
Bxd4+ 15. Kh1 Qg7 16. Rb1 Bd7 17. b4 Rf6 18. Ne4 Rf5 19. Bf4 Raf8 20. Qe2
1/2-1/2